书目信息 |
| 题名: |
中华人民共和国强制性国家标准目录
|
|
| 作者: | ;国家标准化管理委员会 编 | |
| 分册: | 2005 | |
| 出版信息: | 北京 中国标准出版社 2005.06 |
|
| 页数: | 244页 | |
| 开本: | 29cm | |
| 丛书名: | ||
| 单 册: | ||
| 中图分类: | T-652.1 , Z88:T | |
| 科图分类: | ||
| 主题词: | 国家标准--guo jia biao zhun--目录--中国 , 专题目录 , 专科目录 | |
| 电子资源: | ||
| ISBN: | 7-5066-3722-7 | |
| 000 | 00926nam0 2200253 450 | |
| 001 | 010257057863 | |
| 005 | 20051114145324.26 | |
| 010 | @a7-5066-3722-7@dCNY40.00 | |
| 100 | @a20050726d2005 km y0chiy0120 ea | |
| 101 | 0 | @achi |
| 102 | @aCN@b110000 | |
| 105 | @ay z 000yy | |
| 200 | 1 | @a中华人民共和国强制性国家标准目录@Azhong hua ren min gong he guo qiang zhi xing guo jia biao zhun mu lu@h2005@f国家标准化管理委员会编@Fguo jia biao zhun hua guan li wei yuan hui bian |
| 210 | @a北京@c中国标准出版社@d2005.06 | |
| 215 | @a244页@d29cm | |
| 330 | @a本书收录了2004年12月由国家批准发布的现行强制性国家标准目录信息,共3044项。 | |
| 606 | 0 | @a国家标准@Aguo jia biao zhun@x目录@y中国 |
| 606 | 0 | @a专题目录 |
| 606 | 0 | @a专科目录 |
| 690 | @aT-652.1@v4 | |
| 690 | @aZ88:T@v3 | |
| 711 | 02 | @a国家标准化管理委员会@Aguo jia biao zhun hua guan li wei yuan hui@4编 |
| 801 | 0 | @aCN@bQSSK@c20051114 |
| 905 | @a10447@dZ88:T@eG894 | |
| 中华人民共和国强制性国家标准目录.2005/国家标准化管理委员会编.-北京:中国标准出版社,2005.06 |
| 244页;29cm |
| ISBN 7-5066-3722-7:CNY40.00 |
| 本书收录了2004年12月由国家批准发布的现行强制性国家标准目录信息,共3044项。 |
| ● |
| 相关链接 |
|
|
|
正题名:中华人民共和国强制性国家标准目录
索取号:Z88:T/G894
 
预约/预借
| 序号 | 登录号 | 条形码 | 馆藏地/架位号 | 状态 | 备注 |
| 1 | 575646 | 205756467 | 自科库501/501自科库 133排8列2层/ [索取号:Z88:T/G894] | 在馆 |